000 00517nam a2200217Ia 4500
003 OSt
005 20220924133949.0
006 a|||||r|||| 00| 0
007 ta
008 220923b |||||||| |||| 00| 0 snd d
024 _a271236
037 _cTextual
040 _aARTS
_cARTS
_bsnd
041 _2snd
_asnd
082 _aA, 1593J6.3
100 _aDensrooch
_9207717
245 0 _aJournal science
260 _c1956
942 _hA, 1593J6.3
_cTEXL
_2CC
999 _c435831
_d435831